[Event "N4 rilly/chalons"]
[Site "?"]
[Date "2006.11.29"]
[Round "2"]
[White "MEUNIER, Samuel"]
[Black "krumm, serge"]
[Result "1-0"]
[WhiteElo "1889"]
[BlackElo "1750"]
[PlyCount "45"]
[EventDate "2006.11.26"]
[SourceDate "2007.03.18"]

1. e4 e5 2. Nf3 Nc6 3. d4 exd4 4. Nxd4 Bc5 5. Be3 Qf6 6. c3 Nge7 7. g3 d6 8.
Bg2 Nxd4 9. cxd4 Bb6 10. Nc3 c6 11. O-O O-O 12. f4 g6 13. Qd2 Qh8 14. Rae1 f5
15. d5 Bxe3+ 16. Rxe3 fxe4 17. Bxe4 Bf5 18. Bg2 Qf6 19. Rfe1 Rae8 20. dxc6 bxc6
21. Bxc6 Rc8 22. Rxe7 Rxc6 23. Qd5+ 1-0

[Event "N4 rilly/chalons"]
[Site "?"]
[Date "2006.11.29"]
[Round "2"]
[White "HARNIK, Cecilien"]
[Black "BINIAUX, Mickael"]
[Result "1-0"]
[WhiteElo "1770"]
[BlackElo "1770"]
[PlyCount "78"]
[EventDate "2006.11.26"]
[SourceDate "2007.03.18"]

1. e4 d5 2. exd5 Qxd5 3. Nc3 Qa5 4. d4 c6 5. Bc4 Nf6 6. Nf3 Bf5 7. Bd2 e6 8.
O-O Nbd7 9. Re1 Qc7 10. a3 Bd6 11. h3 O-O-O 12. b4 a6 13. Ne2 g5 14. Nxg5 Nb6
15. Bb3 Rhg8 16. Kh1 Nbd5 17. c4 h6 18. cxd5 hxg5 19. dxc6 Ne4 20. Rf1 Rh8 21.
Ng1 Bg3 22. Be1 g4 23. fxg3 gxh3 24. Rxf5 hxg2+ 25. Kxg2 exf5 26. cxb7+ Kxb7
27. Qf3 Rxd4 28. Qxf5 Qc6 29. Qxf7+ Rd7 30. Qc4 Nc5+ 31. Nf3 Qh6 32. Nh4 Nd3
33. Bc3 Qe3 34. Bxh8 Qe2+ 35. Kg1 Qf2+ 36. Kh1 Qxg3 37. Qe4+ Kb8 38. Qe8+ Kc7
39. Rc1+ Kd6 1-0

[Event "N4 rilly/chalons"]
[Site "?"]
[Date "2006.11.29"]
[Round "2"]
[White "DELIAS, Gerard"]
[Black "LECOCQ, Pierre"]
[Result "1/2-1/2"]
[WhiteElo "1660"]
[BlackElo "1730"]
[PlyCount "97"]
[EventDate "2006.11.26"]
[SourceDate "2007.03.18"]

1. c4 c5 2. Nf3 g6 3. Nc3 Bg7 4. e3 Nc6 5. d4 e6 6. Be2 Nge7 7. a3 O-O 8. dxc5
Qa5 9. Bd2 Qxc5 10. O-O d5 11. cxd5 Nxd5 12. Rc1 Qe7 13. Nxd5 exd5 14. Bc3 Be6
15. Bxg7 Kxg7 16. Nd4 Bd7 17. Bf3 Qg5 18. Rc5 Ne7 19. Bxd5 b6 (19... Nxd5 $19
20. e4 Bh3 21. g3 Qe7 22. Rxd5 Qxe4 23. Qf3 Qxf3 24. Nxf3 Bxf1 $19) 20. Nf3 Qf5
21. Bxa8 bxc5 22. e4 Qe6 23. Bd5 Qb6 24. Qc2 Rb8 25. Ne5 Bc8 26. Rb1 Nxd5 27.
exd5 Bf5 28. Qc3 f6 29. Nc4 Qb3 30. Qxb3 Rxb3 31. Rd1 Rd3 32. Rxd3 Bxd3 33. b3
Kf8 34. f4 Bc2 35. b4 cxb4 36. axb4 Bb3 37. Ne3 Ke7 38. Kf2 Kd6 39. Ke2 a6 40.
Kd3 Bxd5 41. g3 Be6 42. Kd4 h6 43. h4 h5 44. Nc2 Bg4 45. Ne3 Be6 46. Nc2 Bf7
47. Ne3 Kc6 48. Kc3 Kd7 49. Kd4 1/2-1/2

[Event "N4 rilly/chalons"]
[Site "?"]
[Date "2006.11.29"]
[Round "2"]
[White "VEILLERETTE, Chantal"]
[Black "MEYER, Caroline"]
[Result "1-0"]
[WhiteElo "1600"]
[BlackElo "1499"]
[PlyCount "31"]
[EventDate "2006.11.26"]
[SourceDate "2007.03.18"]

1. d4 d5 2. c4 Nf6 3. cxd5 Nxd5 4. e4 Nf6 5. Nc3 e6 6. Nf3 Nc6 7. Bb5 Bd7 8.
O-O Bb4 9. e5 Nd5 10. Ne4 O-O 11. a3 Ba5 12. Bg5 Nde7 13. Nf6+ Kh8 14. Qd3 Nf5
15. g4 Nh6 16. Qxh7# 1-0

[Event "N5 rethel/reims"]
[Site "?"]
[Date "2006.11.29"]
[Round "2"]
[White "SOHIER, Renaud"]
[Black "BARAT, Jacques"]
[Result "1-0"]
[WhiteElo "1958"]
[BlackElo "1700"]
[PlyCount "67"]
[EventDate "2006.11.26"]
[SourceDate "2007.03.18"]

1. d4 d5 2. c4 c6 3. Nf3 Nf6 4. g3 Bf5 5. Bg2 e6 6. O-O Be7 7. Qb3 Qb6 8. Qxb6
axb6 9. cxd5 Nxd5 10. Nc3 Nxc3 11. bxc3 O-O 12. Re1 Be4 13. Bb2 Nd7 14. Nd2
Bxg2 15. Kxg2 b5 16. c4 Bb4 17. Red1 Nb6 18. cxb5 Na4 19. Rab1 cxb5 20. Ne4 f5
21. Ng5 Bc3 22. Ba3 Rfe8 23. Rxb5 b6 24. Re5 Nb2 25. Bxb2 Bxb2 26. Rb5 Bc3 27.
Rxb6 Rxa2 28. e3 e5 29. Re6 Rxe6 30. Nxe6 Kf7 31. d5 Bb4 32. Rb1 Be7 33. Rb7
Rd2 34. Nxg7 1-0

[Event "N5 rethel/reims"]
[Site "?"]
[Date "2006.11.29"]
[Round "2"]
[White "savard, romain"]
[Black "noizet, donatien"]
[Result "0-1"]
[WhiteElo "1610"]
[BlackElo "1880"]
[PlyCount "46"]
[EventDate "2006.11.26"]
[SourceDate "2007.03.18"]

1. d4 d5 2. c4 dxc4 3. e3 Nf6 4. Bxc4 c6 5. a4 e5 6. Qb3 Qe7 7. dxe5 Ng4 8. Nf3
Nd7 9. e6 fxe6 10. Bxe6 Nc5 11. Bf7+ Qxf7 12. Qxf7+ Kxf7 13. O-O Be7 14. Nc3
Rd8 15. h3 Nf6 16. Ne5+ Kg8 17. f3 Nd5 18. Nd1 Nb3 19. Rb1 Bc5 20. Nd3 Bb6 21.
Re1 Bf5 22. N1f2 Nxc1 23. Rbxc1 Bxd3 0-1

[Event "N5 rethel/reims"]
[Site "?"]
[Date "2006.11.29"]
[Round "2"]
[White "NOIZET, Regis"]
[Black "lampson, franck"]
[Result "1-0"]
[WhiteElo "1780"]
[BlackElo "1510"]
[PlyCount "53"]
[EventDate "2006.11.26"]
[SourceDate "2007.03.18"]

1. d4 Nf6 2. c4 e6 3. Nc3 b6 4. e4 c6 5. Bg5 Be7 6. Nf3 d5 7. e5 Ne4 8. Bxe7
Qxe7 9. a3 Bb7 10. Rc1 O-O 11. Bd3 c5 12. cxd5 Nxc3 13. d6 Nxd1 14. dxe7 Re8
15. Rxd1 Nd7 16. Ng5 g6 17. Be4 Bxe4 18. Nxe4 Rxe7 19. f4 cxd4 20. Rxd4 Rc8 21.
O-O Rc2 22. b4 Kg7 23. Rfd1 Nb8 24. b5 Rcc7 25. Nf6 Rb7 26. g4 a6 27. Rd8 1-0

[Event "N5 rethel/reims"]
[Site "?"]
[Date "2006.11.29"]
[Round "2"]
[White "RODIER, Patrick"]
[Black "GERARDIN, David"]
[Result "1/2-1/2"]
[WhiteElo "1360"]
[BlackElo "1710"]
[PlyCount "53"]
[EventDate "2006.11.26"]
[SourceDate "2007.03.18"]

1. e4 d5 2. exd5 Nf6 3. d4 Nxd5 4. c4 Nf6 5. Nf3 Bg4 6. Be2 e6 7. Nc3 c6 8. h3
Bh5 9. O-O Bd6 10. c5 Bc7 11. b4 h6 12. Be3 O-O 13. Qc2 Bg6 14. Bd3 Bxd3 15.
Qxd3 Nd5 16. Nxd5 Qxd5 17. Qd2 Kh7 18. Rad1 Nd7 19. Rfe1 Nf6 20. Bf4 Qd7 21.
Ne5 Bxe5 22. Bxe5 Nd5 23. Qd3+ g6 24. a3 Rfe8 25. Re4 Qe7 26. h4 Nf6 27. Bd6
1/2-1/2

[Event "N5 rethel/reims"]
[Site "?"]
[Date "2006.11.29"]
[Round "2"]
[White "robert, emmanuel"]
[Black "lesueur, christophe"]
[Result "0-1"]
[WhiteElo "1670"]
[BlackElo "1350"]
[PlyCount "106"]
[EventDate "2006.11.26"]
[SourceDate "2007.03.18"]

1. e4 e5 2. f4 d6 3. Nf3 Bg4 4. Bc4 Bxf3 5. Qxf3 Nf6 6. fxe5 dxe5 7. O-O Bc5+
8. Kh1 Nc6 9. Bxf7+ Kxf7 10. Qb3+ Ke7 11. Qxb7 Qd7 12. Nc3 Rab8 13. Qa6 Nb4 14.
Qc4 Qd4 15. Qxd4 Bxd4 16. d3 Bxc3 17. a3 Nxc2 18. Ra2 Bd4 19. b4 Ne3 20. Rf3
Neg4 21. h3 Nh6 22. g4 Nf7 23. Rc2 Rhc8 24. a4 a6 25. Ba3 Kd7 26. Kg2 Rb6 27.
Kg3 Ke6 28. h4 h6 29. a5 Rb5 30. Rc6+ Kd7 31. Rxa6 c6 32. Bc1 Ke8 33. Be3 Bxe3
34. Rxe3 g5 35. Rf3 gxh4+ 36. Kxh4 Ke7 37. Ra7+ Ke6 38. a6 Rxb4 39. Rf1 Ra4 40.
Rb1 Nd8 41. Rbb7 Rxa6 42. Re7+ Kd6 43. Rxa6 Kxe7 44. g5 hxg5+ 45. Kxg5 Ne6+ 46.
Kf5 Rc7 47. Kxe5 Nd7+ 48. Kf5 Kd6 49. Ra5 Nd4+ 50. Kf4 c5 51. Ra6+ Nc6 52. Ke3
Rc8 53. d4 cxd4+ 0-1

[Event "N5 rethel/reims"]
[Site "?"]
[Date "????.??.??"]
[Round "2"]
[White "holgado, sebastien"]
[Black "lambert, alban"]
[Result "0-1"]
[WhiteElo "1450"]
[BlackElo "1580"]
[PlyCount "98"]
[EventDate "2006.11.26"]
[SourceDate "2007.03.18"]

1. e4 e5 2. Nf3 d6 3. h3 Nf6 4. Nc3 Be7 5. d4 Nbd7 6. Bd3 O-O 7. Be3 c6 8. Qd2
Qc7 9. g4 d5 10. g5 Nxe4 11. Bxe4 dxe4 12. Nxe4 b6 13. O-O-O Bb7 14. Nxe5 c5
15. Nxd7 Bxe4 16. Nxf8 cxd4 17. Bxd4 Bxg5 18. Be3 Bxe3 19. fxe3 Bxh1 20. Rxh1
Rxf8 21. h4 Re8 22. Rd1 h6 23. Qd4 f6 24. Rg1 Qf7 25. a3 Qa2 26. Kd2 Qe6 27.
Qf4 Kh7 28. Rg3 g5 29. hxg5 fxg5 30. Qd4 Re7 31. Ke2 Qe5 32. Qd8 Qb5+ 33. Kf2
Qf5+ 34. Kg1 Rf7 (34... Rd7 $3) 35. Qd3 Qxd3 36. cxd3 Rc7 37. Rg2 Kg6 38. e4
Rc1+ 39. Kh2 Re1 40. Rc2 g4 41. Kg3 Kg5 42. Rf2 (42. Kf2 $11) 42... Re3+ 43.
Kg2 Rxd3 44. Rf5+ Kh4 45. Rd5 Rxd5 46. exd5 Kg5 47. d6 Kf6 48. d7 Ke7 49. Kg3
h5 0-1

[Event "N5 rethel/reims"]
[Site "?"]
[Date "2006.11.29"]
[Round "2"]
[White "LIEGE, Christine"]
[Black "FORT, florent"]
[Result "1-0"]
[WhiteElo "1230"]
[BlackElo "1099"]
[PlyCount "41"]
[EventDate "2006.11.26"]
[SourceDate "2007.03.18"]

1. e4 d5 2. Nc3 d4 3. Nce2 e5 4. Nf3 Bd6 5. d3 Nf6 6. Bg5 O-O 7. Ng3 Bg4 8. Be2
Nc6 9. O-O Bc5 10. Qd2 Qd6 11. Nh4 Bxe2 12. Qxe2 Bb4 13. Rac1 Qe6 14. a3 Bc5
15. Nh5 Qg4 16. Nxf6+ gxf6 17. Qxg4 fxg5 18. Qxg5+ Kh8 19. Nf5 Rg8 20. Qf6+ Rg7
21. Qxg7# 1-0

[Event "N5 rethel/reims"]
[Site "?"]
[Date "2006.11.29"]
[Round "2"]
[White "pierlot, aurore"]
[Black "menissier, alain"]
[Result "1-0"]
[WhiteElo "1370"]
[BlackElo "1410"]
[PlyCount "67"]
[EventDate "2006.11.26"]
[SourceDate "2007.03.18"]

1. e4 c6 2. d4 d5 3. Bd3 Bd7 4. Nf3 Qb6 5. Nc3 Bg4 6. Be3 Nd7 7. Rb1 e6 8. O-O
c5 9. Bb5 Qc7 10. exd5 exd5 11. Bg5 f6 12. Qe2+ Be7 13. Nxd5 Qd6 14. Nxe7 Nxe7
15. dxc5 Qxc5 16. Bxd7+ Bxd7 17. Bf4 O-O 18. Rbd1 Bb5 19. Qe6+ Rf7 20. Rfe1 Re8
21. Bd6 Qc6 22. Nd4 Qb6 23. Nxb5 Qxb5 24. Bxe7 Rexe7 25. Rd8+ Re8 26. Rxe8+
Qxe8 27. Qxe8+ Rf8 28. Qd7 h6 29. Qxb7 Rd8 30. Qxa7 Kh7 31. g3 h5 32. Re7 Rg8
33. Qc5 Kh6 34. b4 1-0

[Event "N4"]
[Site "enhm/reims"]
[Date "2006.12.01"]
[Round "2"]
[White "HERMANN, jean philippe"]
[Black "DROIT, Vincent"]
[Result "1-0"]
[WhiteElo "2239"]
[BlackElo "2069"]
[PlyCount "47"]
[EventDate "2006.11.29"]
[SourceDate "2007.03.18"]

1. e4 c5 2. Nf3 Nf6 3. e5 Nd5 4. Nc3 e6 5. Ne4 f5 6. exf6 Nxf6 7. Nxf6+ Qxf6 8.
d4 cxd4 9. Bg5 Qf5 10. Bd3 Qa5+ 11. Bd2 Bb4 12. O-O Nc6 13. Bxb4 Qxb4 14. Ng5
Qe7 15. Qh5+ Kf8 16. f4 d6 17. f5 exf5 18. Rae1 Ne5 19. Bxf5 Bxf5 20. Rxf5+ Kg8
21. Rfxe5 dxe5 22. Rxe5 Qf8 (22... Qd7 23. Qe2 d3 24. cxd3) 23. Qe2 h6 24. Qc4+
1-0

[Event "N4"]
[Site "enhm/reims"]
[Date "2006.12.01"]
[Round "2"]
[White "DJELLOULI, Hassine"]
[Black "VIARD, Dominique"]
[Result "1/2-1/2"]
[WhiteElo "1980"]
[BlackElo "2070"]
[PlyCount "130"]
[EventDate "2006.11.29"]
[SourceDate "2007.03.18"]

1. d4 c5 2. Nf3 cxd4 3. Nxd4 e6 4. c4 Nf6 5. Nb5 Bc5 6. Nd6+ Ke7 7. Nxc8+ Qxc8
8. Nc3 Qc6 9. e3 Na6 10. a3 Rhd8 11. b4 Nxb4 12. axb4 Bxb4 13. Ba3 Qc5 14. Qb3
a5 15. Be2 b5 16. Bxb4 axb4 17. Rxa8 Rxa8 18. Nxb5 Ra1+ 19. Bd1 d5 20. Qb2 Ra6
21. cxd5 Qxb5 22. Be2 Qa5 23. Bxa6 b3+ 24. Kd1 Qxa6 25. dxe6 Qd3+ 26. Kc1 Qc4+
27. Kd1 Qd3+ 28. Ke1 Ne4 29. Qd4 Qb1+ 30. Ke2 Qc2+ 31. Kf3 Nd2+ 32. Kf4 g5+ 33.
Ke5 Nc4+ 34. Kd5 fxe6+ 35. Kc5 Ne5+ 36. Kb5 Qe2+ 37. Kb6 Nd7+ 38. Kc6 Qa6+ 39.
Kc7 Qa5+ 40. Kc6 Ne5+ 41. Kb7 Qb5+ 42. Qb6 Qd5+ 43. Ka6 Qc4+ 44. Qb5 b2 45.
Qxc4 Nxc4 46. Rb1 Kd6 47. f4 gxf4 48. exf4 Kd5 49. Kb7 Ke4 50. g3 h5 51. Kc6
Kd3 52. Kd7 e5 53. fxe5 Nxe5+ 54. Ke6 Nc4 55. Kf7 Kc2 56. Rxb2+ Nxb2 57. Kg6
Kd3 58. Kxh5 Ke4 59. Kg6 Nc4 60. h4 Ne5+ 61. Kg5 Nf3+ 62. Kf6 Nh2 63. h5 Kf3
64. Kg5 Ng4 65. Kh4 Nh6 1/2-1/2

[Event "N4"]
[Site "enhm/reims"]
[Date "2006.12.01"]
[Round "2"]
[White "THYES, Romuald"]
[Black "pierquin, bernard"]
[Result "1/2-1/2"]
[WhiteElo "2040"]
[BlackElo "1960"]
[PlyCount "130"]
[EventDate "2006.11.29"]
[SourceDate "2007.03.18"]

1. e4 e5 2. Nf3 Nc6 3. Bc4 Bc5 4. c3 Qe7 5. O-O Nf6 6. d3 h6 7. Be3 d6 8. b4
Bb6 9. a4 O-O 10. a5 Bxe3 11. fxe3 a6 12. Nbd2 Be6 13. Qb3 Bxc4 14. Qxc4 Rad8
15. Nh4 Kh7 16. Nf5 Qe6 17. Qa2 g6 18. Ng3 Qxa2 19. Rxa2 Kg7 20. Rf3 h5 21. d4
Rde8 22. d5 Nb8 23. Ra1 Nbd7 24. Raf1 Rc8 25. Ne2 c5 26. dxc6 Rxc6 27. c4 b6
28. Ra1 bxa5 29. bxa5 Nc5 30. Nc3 Rcc8 31. Nd5 Nfxe4 32. Nxe4 Nxe4 33. Nb6 Rc7
34. Rff1 Rd8 35. Rfc1 f5 36. Nd5 Rb7 37. Nb6 Kf7 38. Ra2 Ke6 39. Kf1 Nf6 40.
Ke2 Rc7 41. h3 Rc5 42. Kd3 Nd7 43. Rb1 Nf6 44. Ke2 d5 45. cxd5+ Nxd5 46. Nxd5
Rcxd5 47. Rb7 R8d7 48. Rb6+ R7d6 49. Rb7 e4 50. Kf2 g5 51. Rb8 h4 52. Ke1 Ke5
53. Rg8 Kf6 54. Rh8 Kg6 55. Rg8+ Kh5 56. Rh8+ Rh6 57. Rb8 g4 58. Rg8 Rg6 59.
hxg4+ Rxg4 60. Rh8+ Kg6 61. Ra8 Rd6 62. Rb2 Kf7 63. Kf1 Rgg6 64. Rb7+ Kf6 65.
Rb6 Ke5 1/2-1/2

[Event "N4 ST DIZIER / REIMS"]
[Site "enhm/reims"]
[Date "2006.12.01"]
[Round "2"]
[White "MORET, Florian"]
[Black "PETIT, Christian"]
[Result "0-1"]
[WhiteElo "1780"]
[BlackElo "1840"]
[PlyCount "158"]
[EventDate "2006.11.29"]
[SourceDate "2007.03.18"]

1. e4 e5 2. d4 exd4 3. Nf3 d5 4. exd5 c5 5. dxc6 Nxc6 6. Bc4 h6 7. O-O Bc5 8.
Bf4 Nge7 9. Nbd2 O-O 10. Ne4 Qb6 11. Qc1 Bg4 12. Be2 Bxf3 13. Bxf3 Ng6 14. Nxc5
Qxc5 15. Bg3 Nge5 16. Be4 f5 17. Bxc6 Nxc6 18. Kh1 Rad8 19. Qd2 Nb4 20. Rfc1 d3
21. cxd3 Rxd3 22. Qe2 Qd5 23. a3 Nc6 24. Rd1 Rd4 25. f3 Rd8 26. Rxd4 Nxd4 27.
Qd3 Nb3 28. Qxd5+ Rxd5 29. Re1 Kf7 30. Kg1 Rd2 31. Be5 Nc5 32. Bc3 Rc2 33. Rd1
g6 34. Rd2 Rxd2 35. Bxd2 h5 36. Kf2 Nd3+ 37. Ke3 Nxb2 38. Bb4 Nc4+ 39. Kd4 Nb6
40. Ke5 Nc4+ 41. Kd4 Nb2 42. Ke5 Nd3+ 43. Kd4 Nxb4 44. axb4 Ke6 45. f4 Kd6 46.
Kc4 a6 47. g3 b6 48. b5 a5 49. h4 Ke6 50. Kd4 a4 51. Kc3 a3 52. Kb3 a2 53. Kxa2
Kd5 54. Kb3 Ke4 55. Kc4 Kf3 56. Kd5 Kxg3 57. Kc6 Kxh4 58. Kxb6 Kg4 59. Kc5 h4
60. b6 h3 61. b7 h2 62. b8=Q h1=Q 63. Qg8 Qg1+ 64. Kd5 Kxf4 65. Qb8+ Kf3 66.
Qb3+ Qe3 67. Qd1+ Kf4 68. Kd6 g5 69. Qf1+ Kg4 70. Kd7 f4 71. Qg2+ Qg3 72. Qe2+
f3 73. Qe6+ Kh5 74. Qf7+ Kh4 75. Qh7+ Kg4 76. Ke6 Qf4 77. Qh1 Qf5+ 78. Kd6 f2
79. Qd1+ Qf3 0-1

[Event "N4 Reims / ST Dizier"]
[Site "enhm/reims"]
[Date "2006.12.02"]
[Round "2"]
[White "BRAJON, Eric"]
[Black "ROBERT DEHAULT, Etienne"]
[Result "0-1"]
[WhiteElo "1840"]
[BlackElo "1900"]
[PlyCount "112"]
[EventDate "2006.11.29"]
[SourceDate "2007.03.18"]

1. e4 c6 2. d4 d5 3. exd5 cxd5 4. Nf3 Bg4 5. Be2 Nf6 6. c4 e6 7. c5 Nc6 8. Qa4
Bxf3 9. Bxf3 Qa5+ 10. Qxa5 Nxa5 11. Nd2 Nc6 12. Nb3 a5 13. Be3 a4 14. Nd2 Be7
15. O-O O-O 16. Rab1 e5 17. dxe5 Nxe5 18. Bd4 Nxf3+ 19. Nxf3 Rfc8 20. Rfc1 Ne4
21. b4 axb3 22. Rxb3 Bxc5 23. Bxc5 Rxc5 24. Rxc5 Nxc5 25. Rb2 Kf8 26. Nd4 Re8
27. g3 Re4 28. Rd2 Re8 29. f3 Rd8 30. Kf2 Ne6 31. Ke3 Ke7 32. Rb2 Rd7 33. f4 g6
34. g4 Kd6 35. f5 Nc5 36. f6 Ne4 37. Rb6+ Kc7 38. Rb5 Nxf6 39. Kf4 h6 40. h4
Re7 41. g5 Re4+ 42. Kf3 hxg5 43. hxg5 Rxd4 44. gxf6 Kc6 45. Rb2 Re4 46. Rc2+
Rc4 47. Rb2 g5 48. Rg2 Rf4+ 49. Ke3 d4+ 50. Kd3 g4 51. a4 Kd5 52. Rb2 Rf3+ 53.
Ke2 d3+ 54. Ke1 g3 55. Rxb7 g2 56. Rd7+ Kc6 0-1

[Event "N4"]
[Site "enhm/reims"]
[Date "2006.12.02"]
[Round "2"]
[White "MENISSIER, Fabien"]
[Black "rouable, denis"]
[Result "0-1"]
[WhiteElo "1530"]
[BlackElo "1680"]
[PlyCount "104"]
[EventDate "2006.11.29"]
[SourceDate "2007.03.18"]

1. d4 Nf6 2. c4 g6 3. Nc3 d5 4. Bf4 c6 5. e3 Bg7 6. h3 O-O 7. Nf3 a6 8. c5 Nbd7
9. Bd3 Re8 10. O-O Nh5 11. Bh2 e5 12. Be2 f5 13. Nxe5 Nxe5 14. Bxe5 Bxe5 15.
Bxh5 Bg7 16. Bf3 Qg5 17. Ne2 Bd7 18. Qb3 Rab8 19. Qb6 Qd8 20. Qxd8 Rbxd8 21.
Rfe1 Re7 22. Kf1 Rde8 23. Rad1 g5 24. g4 Rf8 25. Nc3 Ref7 26. Re2 h5 27. gxf5
Bxf5 28. Bxh5 Bxh3+ 29. Ke1 Rf6 30. f3 Rh6 31. Bg4 Bxg4 32. fxg4 Rh3 33. e4
Rh1+ 34. Kd2 Rxd1+ 35. Kxd1 Rf4 36. e5 Rxd4+ 37. Ke1 Kf7 38. Rf2+ Ke6 39. Rf5
Rxg4 40. Rf2 Bxe5 41. Re2 Rc4 42. Rg2 Bxc3+ 43. bxc3 Rxc3 44. Rxg5 Rxc5 45. Rg7
Rb5 46. Rg6+ Ke5 47. Rg5+ Kd4 48. Rg3 Rb2 49. Rb3 Rxb3 50. axb3 Kc3 51. b4 Kc2
52. b5 d4 0-1

[Event "N4"]
[Site "enhm/reims"]
[Date "2006.12.02"]
[Round "2"]
[White "TALBOT, Remi"]
[Black "WATIN, Logan"]
[Result "0-1"]
[WhiteElo "1650"]
[BlackElo "1500"]
[PlyCount "78"]
[EventDate "2006.11.29"]
[SourceDate "2007.03.18"]

1. d4 e6 2. c4 c5 3. d5 exd5 4. cxd5 d6 5. e4 Nd7 6. Nf3 Ngf6 7. Nc3 a6 8. Bd3
b5 9. a3 Bb7 10. b4 c4 11. Bb1 Rb8 12. O-O Be7 13. Re1 Ng4 14. Nd4 Qb6 15. Qxg4
Qxd4 16. Bb2 Bf6 17. Qe2 Qb6 18. Kh1 O-O 19. f4 Rfe8 20. Qg4 Qf2 21. Qe2 Qxe2
22. Rxe2 Bxc3 23. Bxc3 Bxd5 24. Bc2 Bb7 25. a4 Ra8 26. Rae1 f6 27. Rd2 Re7 28.
Rxd6 Rae8 29. axb5 axb5 30. h3 h6 31. e5 fxe5 32. Bg6 Rf8 33. fxe5 Rf2 34. e6
Nf8 35. Rd7 Nxg6 36. Bd4 Rd2 37. Rxe7 Nxe7 38. Bc5 Rxg2 39. Re3 Re2+ 0-1

[Event "N4 St DIZIER / REIMS"]
[Site "enhm/reims"]
[Date "2006.12.02"]
[Round "2"]
[White "GOZILLON, Adeline"]
[Black "PETEUIL, Camille"]
[Result "1/2-1/2"]
[WhiteElo "1330"]
[BlackElo "1310"]
[PlyCount "81"]
[EventDate "2006.11.29"]
[SourceDate "2007.03.18"]

1. e4 e5 2. Nf3 Nc6 3. Bc4 Bc5 4. Nc3 Nf6 5. d3 h6 6. Be3 d6 7. h3 Nd4 8. O-O
O-O 9. Nb5 Ne6 10. a3 a6 11. Nc3 Nd4 12. b4 Ba7 13. Rb1 b5 14. Bd5 Rb8 15. Bxd4
exd4 16. Ne2 c6 17. Bxc6 Bb7 18. Bxb7 Rxb7 19. Nfxd4 Qc7 20. Nf5 Bb8 21. Rc1 d5
22. exd5 Nd7 (22... Nxd5) 23. d6 Qb6 24. Ne7+ Kh8 25. Nf5 g6 26. Nxh6 Qxd6 27.
Ng4 f5 28. Ne3 Ne5 (28... Qh2#) 29. Nf4 Nxd3 30. Nxg6+ Kg8 (30... Qxg6) 31. g3
Qxg6 32. Qf3 Ne5 33. Qd5+ (33. Qxb7) 33... Kh8 34. Ng2 (34. Qxb7) 34... f4 35.
Nxf4 (35. Qxb7) 35... Rxf4 36. Qxb7 Bd6 37. Qc8+ Kh7 38. Qb7+ Kh8 39. Qc8+ Kh7
40. Qb7+ Kh8 41. Qc8+ 1/2-1/2

[Event "R2 regionale Nord"]
[Site "?"]
[Date "????.??.??"]
[Round "2"]
[White "ANKI, Lenny"]
[Black "GARCIA, J.Loic"]
[Result "1-0"]
[WhiteElo "1480"]
[BlackElo "1299"]
[PlyCount "73"]
[EventDate "2006.11.28"]
[SourceDate "2007.03.18"]

1. e4 e5 2. f4 exf4 3. Nf3 Bc5 4. Bc4 Nf6 5. Nc3 Ng4 6. d4 Bb4 7. O-O d6 8. e5
dxe5 9. dxe5 Qxd1 10. Rxd1 O-O 11. Bxf4 Bf5 12. Rd2 Nc6 13. Nd4 Nxd4 14. Rxd4
Bxc2 15. Be2 Bc5 16. Nb5 Bxd4+ 17. Nxd4 Rfd8 18. Nxc2 Nh6 19. Bxh6 gxh6 20. Bf3
Rd2 21. Rc1 Re8 22. Bxb7 Rxe5 23. Na3 Rxb2 24. Nc4 Rxb7 25. Nxe5 f6 26. Ng4 Kf7
27. Rf1 Rb6 28. h4 h5 29. Ne3 Ra6 30. Rf2 Ra4 31. Rc2 Rxh4 32. Nf5 Kg6 33.
Nxh4+ Kg5 34. g3 Kg4 35. Kg2 f5 36. Rxc7 h6 37. Rg7# 1-0

[Event "R2 regionale Nord"]
[Site "?"]
[Date "????.??.??"]
[Round "2"]
[White "ROMAIN, Adeline"]
[Black "CAUVIN, Alain"]
[Result "1/2-1/2"]
[WhiteElo "1640"]
[BlackElo "1780"]
[PlyCount "64"]
[EventDate "2006.11.28"]
[SourceDate "2007.03.18"]

1. d4 d5 2. Nf3 Nf6 3. e3 e6 4. g3 Nc6 5. Bg2 Bd7 6. O-O Bd6 7. Nbd2 O-O 8. b3
Ne7 9. Bb2 Ng6 10. Re1 Re8 11. e4 dxe4 12. Nxe4 Nxe4 13. Rxe4 c5 14. d5 Qb6 15.
c4 exd5 16. Rxe8+ Rxe8 17. Qxd5 Be6 18. Qe4 Bd7 19. Qd3 Bg4 20. Qc3 f6 21. Re1
Qd8 22. Nh4 Rxe1+ 23. Qxe1 Nxh4 24. gxh4 b6 25. Bd5+ Kh8 26. Qe4 Bd7 27. h5 Qe7
28. Kg2 Qxe4+ 29. Bxe4 h6 30. Bg6 Kg8 31. Bc1 Kf8 32. f4 Ke7 1/2-1/2

[Event "R2 regionale Nord"]
[Site "?"]
[Date "????.??.??"]
[Round "2"]
[White "CAUVIN, Alain"]
[Black "ROMAIN, Adeline"]
[Result "1/2-1/2"]
[WhiteElo "1780"]
[BlackElo "1640"]
[PlyCount "61"]
[EventDate "2006.11.28"]
[SourceDate "2007.03.18"]

1. e4 d5 2. exd5 Qxd5 3. Qf3 Qe5+ 4. Ne2 Nf6 5. Nbc3 Bg4 6. Qxb7 Bxe2 7. Nxe2 (
7. Qc8#) 7... Qd5 8. Qxd5 Nxd5 9. c3 e6 10. d4 Bd6 11. Bd2 O-O 12. g3 Nd7 13.
Bg2 Rab8 14. Rb1 N7f6 15. O-O Nb6 16. b3 Rbd8 17. Rfd1 c5 18. Bg5 Nbd5 19. c4
Nb4 20. dxc5 Bxc5 21. a3 Nc2 22. a4 Rxd1+ 23. Rxd1 Ng4 24. Rf1 Rb8 25. Bf3 Ne5
26. Be4 Rxb3 27. Bxc2 Rb2 28. Rb1 Rxb1+ (28... Rxc2 29. Rb8+ Bf8 30. Kf1 Rxc4
31. Be7 Ng6) 29. Bxb1 Nf3+ 30. Kg2 Nxg5 31. Nc3 (31. h4) 1/2-1/2

[Event "R2 regionale Nord"]
[Site "?"]
[Date "????.??.??"]
[Round "2"]
[White "SCHOOBERT, Kelian"]
[Black "BARET, Benoit"]
[Result "0-1"]
[WhiteElo "1140"]
[BlackElo "1340"]
[PlyCount "62"]
[EventDate "2006.11.28"]
[SourceDate "2007.03.18"]

1. e4 d5 2. d3 Nc6 3. Nc3 Nd4 4. Be3 Nc6 5. Bg5 h6 6. Bf4 Nf6 7. e5 Nd7 8. d4
e6 9. Bd3 Bb4 10. a3 Bxc3+ 11. bxc3 O-O 12. Nf3 Nb6 13. Rb1 f6 14. exf6 Rxf6
15. Be3 Ne7 16. O-O Rf8 17. Ne5 Nd7 18. Ng6 Rf7 19. Nf4 e5 20. dxe5 Nxe5 21.
Bg6 N7xg6 22. Re1 Nxf4 23. c4 Be6 24. Bd4 dxc4 25. Rb5 c6 26. Rb1 Bf5 27. Be3
Qxd1 28. Rbxd1 Nd7 29. g3 Nh3+ 30. Kh1 Be4+ 31. f3 Bxf3# 0-1

[Event "R2 regionale Nord"]
[Site "?"]
[Date "????.??.??"]
[Round "2"]
[White "BARET, Benoit"]
[Black "SCHOOBERT, Kelian"]
[Result "0-1"]
[WhiteElo "1340"]
[BlackElo "1140"]
[PlyCount "48"]
[EventDate "2006.11.28"]
[SourceDate "2007.03.18"]

1. d4 d5 2. Nf3 Nc6 3. Bg5 Nf6 4. e3 Bg4 5. Bd3 e6 6. O-O Bd6 7. h3 Bf5 8. Bxf5
exf5 9. Nbd2 O-O 10. Re1 Qd7 11. c4 dxc4 12. Nxc4 Bb4 13. Rf1 Rfe8 14. a3 Bd6
15. Re1 b5 16. Nxd6 cxd6 17. Rc1 d5 18. Bxf6 gxf6 19. Re2 Re7 20. Rec2 Rc8 21.
Rc3 Re6 22. b4 Rce8 23. a4 Nxb4 24. Qb3 Qd6 0-1

[Event "R2 regionale Nord"]
[Site "?"]
[Date "????.??.??"]
[Round "2"]
[White "GARCIA, J.Loic"]
[Black "ANKI, Lenny"]
[Result "0-1"]
[WhiteElo "1199"]
[BlackElo "1480"]
[PlyCount "94"]
[EventDate "2006.11.28"]
[SourceDate "2007.03.18"]

1. e4 c6 2. Bc4 d5 3. exd5 cxd5 4. Bb5+ Nc6 5. Nf3 Bg4 6. O-O e6 7. d4 Bd6 8.
h3 Bxf3 9. Qxf3 Nf6 10. Bg5 O-O 11. c3 Re8 12. Nd2 e5 13. Nb3 h6 14. Bxf6 Qxf6
15. Qxf6 gxf6 16. Nc5 exd4 17. cxd4 Rec8 18. Nxb7 Be7 19. Rac1 Nxd4 20. Rxc8+
Rxc8 21. Ba6 Rc2 22. Re1 Bf8 23. Rd1 Ne6 24. Rxd5 Rxb2 25. Nd6 Bxd6 (25... Nc7)
26. Rxd6 Rb6 27. Rxb6 axb6 28. Bd3 Nf4 29. Bc2 Kf8 30. g3 Nxh3+ 31. Kg2 Ng5 32.
f4 Ne6 33. f5 Nd4 34. Bd3 Ke7 35. g4 Kd6 36. Bc4 Ke5 37. Bxf7 Kf4 38. Kh3 Kg5
39. Be8 b5 40. a4 bxa4 (40... b4 41. a5 b3 42. Bf7 b2 43. Ba2 Nc6 44. a6 Nb4
45. a7 Nxa2 46. a8=Q b1=Q 47. Qg8+ Kf4 48. Qc4+ Kf3) 41. Bxa4 h5 42. Bd1 hxg4+
43. Bxg4 Nxf5 44. Bxf5 Kxf5 45. Kg3 Kg6 46. Kf3 f5 47. Kf4 Kf6 0-1